Odkaz baronky kapitalizmu
Nekompromisná vláda Margaret Thatcherovej v rokoch 1979-1990. Konzervatívna politika Železnej lady. Zahraničná politika M. Thatcherovej ako neoddeliteľná súčasť celoeurópskej histórie. Podpora Gorbačovovej perestrojky. Ideologický odpor k federalizácii európskeho spoločenstva.
Gespeichert in:
| 1. Verfasser: | |
|---|---|
| Format: | Buchkapitel |
| Sprache: | Tschechisch |
| Schlagworte: | |
| Tags: |
Keine Tags, Fügen Sie das erste Tag hinzu!
|
MARC
| LEADER | 00000naa$a2200000$$$4500 | ||
|---|---|---|---|
| 001 | 0038692 | ||
| 005 | 20231016092541.8 | ||
| 041 | 0 | |a cze | |
| 044 | |a CZ | ||
| 245 | 1 | 0 | |a Odkaz baronky kapitalizmu |c David Klimeš |
| 520 | |a Nekompromisná vláda Margaret Thatcherovej v rokoch 1979-1990. Konzervatívna politika Železnej lady. Zahraničná politika M. Thatcherovej ako neoddeliteľná súčasť celoeurópskej histórie. Podpora Gorbačovovej perestrojky. Ideologický odpor k federalizácii európskeho spoločenstva. | ||
| 610 | 2 | 0 | |a politika |
| 610 | 2 | 0 | |a politika zahraničná |
| 610 | 2 | 0 | |a politika medzinárodná |
| 610 | 2 | 0 | |a politika vnútorná |
| 610 | 2 | 0 | |a konzervativizmus |
| 610 | 2 | 0 | |a štát |
| 610 | 2 | 0 | |a vláda |
| 610 | 2 | 0 | |a odbory |
| 610 | 2 | 0 | |a vzťahy medzinárodné |
| 610 | 2 | 0 | |a Veľká Británia |
| 100 | 1 | |a Klimeš, David | |